| 000 | 00327nam a2200121Ia 4500 | ||
|---|---|---|---|
| 008 | 210430s9999 xx 000 0 und d | ||
| 082 | _a621.3 P323 I | ||
| 100 | _aClayton R.Paul | ||
| 245 |
_aIntroduction to Electromagnetic Fields _cClayton R.Paul |
||
| 260 |
_aNewyork _bGraw-Hill _c2007 |
||
| 300 | _a758p | ||
| 942 |
_cBK _2ddc |
||
| 999 |
_c562575 _d562575 |
||